00624nam a2200181Ia 4500082001200000100002900012245012800041260003400169300000800203504002600211650002900237650004300266650003500309650005200344650001400396650001600410710001600426 aTU.0037 aUpadhyaya, Purna Chandra 0aHealth status and health care practices among a nomadic community: a case study of Nats of Mirzapur district, Uttar Pradesh c2003bUniversity of Allahabad a259 aincludes bibliography aNomadsvHealth & hygiene aMedical carevMirzapur (Uttar Pradesh) aNatsvMirzapur (Uttar Pradesh) aCommunity developmentvMirzapur (Uttar Pradesh) aWonderers aHealth care aKalpagam, U